Локальные структурные трансформации как механизм зарождения и развития пластичности; Перспективные материалы с иерархической структурой для новых технологий и надежных конструкций

Chi tiết về thư mục
Parent link:Перспективные материалы с иерархической структурой для новых технологий и надежных конструкций.— 2017.— [С. 42-43]
Tác giả của công ty: Национальный исследовательский Томский политехнический университет (ТПУ) Институт физики высоких технологий (ИФВТ) Кафедра физики высоких технологий в машиностроении (ФВТМ)
Tác giả khác: Псахье С. Г. Сергей Григорьевич, Зольников К. П., Корчуганов К. П., Крыжевич Д. С.
Tóm tắt:Заглавие с экрана
Ngôn ngữ:Tiếng Nga
Được phát hành: 2017
Loạt:Plenary lectures
Những chủ đề:
Truy cập trực tuyến:http://www.ispms.ru/files/Conference/2017_m/sb_tez_2017.pdf#page=42
Định dạng: Điện tử Chương của sách
KOHA link:https://koha.lib.tpu.ru/cgi-bin/koha/opac-detail.pl?biblionumber=656925

MARC

LEADER 00000nla2a2200000 4500
001 656925
005 20231101134939.0
035 |a (RuTPU)RU\TPU\network\23405 
035 |a RU\TPU\network\23404 
090 |a 656925 
100 |a 20171221d2017 k y0rusy50 ca 
101 0 |a rus 
102 |a RU 
105 |a a z 101zy 
135 |a drgn ---uucaa 
181 0 |a i  
182 0 |a b 
200 1 |a Локальные структурные трансформации как механизм зарождения и развития пластичности  |f С. Г. Псахье [и др.] 
203 |a Текст  |c электронный 
225 1 |a Plenary lectures 
300 |a Заглавие с экрана 
463 1 |0 (RuTPU)RU\TPU\network\23304  |t Перспективные материалы с иерархической структурой для новых технологий и надежных конструкций  |o тезисы докладов Международной конференции, 9-13 октября 2017 г., Томск  |f Российская академия наук (РАН), Сибирское отделение (СО), Институт физики прочности и материаловедения (ИФПМ)  |v [С. 42-43]  |d 2017 
610 1 |a электронный ресурс 
610 1 |a труды учёных ТПУ 
610 1 |a локальные структуры 
610 1 |a трансформации 
610 1 |a пластичность 
610 1 |a дефекты 
610 1 |a кристаллические решетки 
610 1 |a структурно-фазовые состояния 
610 1 |a твердые тела 
610 1 |a межатомные взаимодействия 
701 1 |a Псахье  |b С. Г.  |c физик  |c заведующий лабораторией, советник ректора, заведующий кафедрой Томского политехнического университета, доктор физико-математических наук  |f 1952-  |g Сергей Григорьевич  |2 stltpush  |3 (RuTPU)RU\TPU\pers\25589 
701 1 |a Зольников  |b К. П. 
701 1 |a Корчуганов  |b К. П. 
701 1 |a Крыжевич  |b Д. С. 
712 0 2 |a Национальный исследовательский Томский политехнический университет (ТПУ)  |b Институт физики высоких технологий (ИФВТ)  |b Кафедра физики высоких технологий в машиностроении (ФВТМ)  |h 2087  |2 stltpush  |3 (RuTPU)RU\TPU\col\18687 
801 1 |a RU  |b 63413507  |c 20101016 
801 2 |a RU  |b 63413507  |c 20171221  |g RCR 
856 4 |u http://www.ispms.ru/files/Conference/2017_m/sb_tez_2017.pdf#page=42 
942 |c CF